000
00335 a2200109 4500
001
ART_28175
005
20260410161604.0
008
260409a
245
1
0
_a
El proceso de globalización y contabilidad
100
1
_a
Lang, Víctor Manuel
773
0
_t
Profesional & Empresaria
_g
- Año XVI, Nº 186 (mar. 2015)
_w
REV70
999
_c
9952
_d
9952